Separating Investment Component from an Insurance Contract

Predstavenie metódy oddelenia investičnej zložky a komponentu poistenia.

Guardado en:
Detalles Bibliográficos
Autor principal: Zelinová, Silvia, 1987-
Formato: Capítulo de libro
Lenguaje:inglés
Materias:
Etiquetas: Agregar Etiqueta
Sin Etiquetas, Sea el primero en etiquetar este registro!

MARC

LEADER 00000naa a2200000 4500
001 0305091
005 20241114093110.0
041 0 |a eng 
044 |a RU 
245 1 0 |a Separating Investment Component from an Insurance Contract  |c Silvia Zelinová 
520 |a Predstavenie metódy oddelenia investičnej zložky a komponentu poistenia. 
610 2 0 |a štandardy 
610 2 0 |a IFRS 
610 2 0 |a zmluvy poistné 
610 2 0 |a investície 
610 2 0 |a štandardy medzinárodné 
100 1 |a Zelinová, Silvia, 1987-